Los impuestos /

Introducción al estudio de la contabilidad fiscal, que presenta una entrevista con el jurista Antonio Berliri, quien en 1940 publicó dos volúmenes sobre el proceso tributario administrativo, obra que marco el primer intento científico de enmarcar la justicia tributaria. Se ha dedicado además, al est...

Celý popis

Uloženo v:
Podrobná bibliografie
Hlavní autor: Pont Mestres, Magín (autor)
Další autoři: Berliri, Antonio (autor) (autor), Salvat, Manuel (dirección) (dirección), Marco, Joaquín (dirección editorial) (dirección editorial)
Médium: Kniha
Jazyk:španělština
Vydáno: Barcelona, España : Salvat, 1973, c1973
Edice:(Biblioteca Salvat de Grandes Temas ; 92)
Témata:
Tagy: Přidat tag
Žádné tagy, Buďte první, kdo vytvoří štítek k tomuto záznamu!

MARC

LEADER 00000nam^a2200000^a^4500
001 000152221
005 20250521000000.0
009 20260310100238.207
020 |a 84-345-7451-9 
037 |a Acervo ITESO - Biblioteca 
041 |a ESP 
082 |a 086. 1  |b SAL V. 92 
100 |a Pont Mestres, Magín  |e (autor) 
240 1 1 |a [Biblioteca Salvat de grandes temas] 
245 1 4 |a Los impuestos /  |c M. Pont Mestres, A. Berliri ; dir. de M. Salvat ; dir. editorial de J. Marco. 
264 4 |a Barcelona, España :  |b Salvat,  |c 1973, c1973 
300 |a 141 p. 
336 |a texto  |b txt  |2 rdacontenido 
337 |a sin mediación  |b n  |2 rdamedio 
338 |a volumen  |b nc  |2 rdasoporte 
440 1 |a (Biblioteca Salvat de Grandes Temas ;  |v 92) 
520 |a Introducción al estudio de la contabilidad fiscal, que presenta una entrevista con el jurista Antonio Berliri, quien en 1940 publicó dos volúmenes sobre el proceso tributario administrativo, obra que marco el primer intento científico de enmarcar la justicia tributaria. Se ha dedicado además, al estudio del derecho tributario y en 1958 se ocupó de un tratado institucional sobre impuestos directos. Desde 1947 dirige la Jurisprudencia de los Impuestos, comentando las sentencias del Tribunal Supremo y de la Comisión Central para los impuestos directos. Se ha dedicado a la enseñanza del derecho financiero. 
649 |a XX 
650 |a Abogados Italianos -  |x Entrevistas 
650 |a Impuestos -  |x Tema Principal 
650 |a Sistema Fiscal 
650 |a Derecho Fiscal 
650 |a Economía 
650 |a Berliri, Antonio 
700 |a Berliri, Antonio  |e (autor) 
700 |a Salvat, Manuel  |e (dirección) 
700 |a Marco, Joaquín  |e (dirección editorial) 
910 |a Fondo General 
920 |a Impresos - Libros 
930 |a Obras de Referencia 
905 |a 102 
901 |a 0500081654  |b IT2  |c REF  |u 20250521 
902 |a https://opac.biblio.iteso.mx/vufind/Record/000152221